<?xml version="1.0" encoding="UTF-8"?>
<record
    xmlns:xsi="http://www.w3.org/2001/XMLSchema-instance"
    xsi:schemaLocation="http://www.loc.gov/MARC21/slim http://www.loc.gov/standards/marcxml/schema/MARC21slim.xsd"
    xmlns="http://www.loc.gov/MARC21/slim">

  <leader>00819nam a22002175a 4500</leader>
  <controlfield tag="003">OSt</controlfield>
  <controlfield tag="005">20180423122251.0</controlfield>
  <controlfield tag="008">180423s199u    ua a   gr     000 0dara d</controlfield>
  <datafield tag="040" ind1=" " ind2=" ">
    <subfield code="a">EG-ScBUE</subfield>
    <subfield code="b">ara</subfield>
    <subfield code="c">EG-ScBUE</subfield>
  </datafield>
  <datafield tag="082" ind1="0" ind2="4">
    <subfield code="a">730</subfield>
    <subfield code="b">&#x646; &#x648; &#x627;</subfield>
    <subfield code="2">22</subfield>
  </datafield>
  <datafield tag="100" ind1="1" ind2=" ">
    <subfield code="a">&#x646;&#x648;&#x627;&#x631;&#x60C; &#x623;&#x62D;&#x645;&#x62F;.</subfield>
  </datafield>
  <datafield tag="245" ind1="1" ind2="0">
    <subfield code="a">&#x645;&#x646; &#x648;&#x62C;&#x648;&#x647; &#x627;&#x644;&#x641;&#x64A;&#x648;&#x645; &#x625;&#x644;&#x649; &#x62C;&#x628;&#x644; &#x623;&#x628;&#x648; &#x63A;&#x646;&#x64A;&#x645; :</subfield>
    <subfield code="b">&#x62C;&#x633;&#x62F; &#x645;&#x635;&#x631;&#x64A; &#x648;&#x631;&#x648;&#x62D; &#x639;&#x631;&#x628;&#x64A;&#x629; /</subfield>
    <subfield code="c">&#x623;&#x62D;&#x645;&#x62F; &#x646;&#x648;&#x627;&#x631;.</subfield>
  </datafield>
  <datafield tag="260" ind1=" " ind2=" ">
    <subfield code="a">[&#x62F;. &#x645;. :</subfield>
    <subfield code="b">&#x62F;. &#x646;.&#x60C;</subfield>
    <subfield code="c">?199]</subfield>
    <subfield code="e">(&#x627;&#x644;&#x642;&#x627;&#x647;&#x631;&#x629; :</subfield>
    <subfield code="f">&#x634;&#x631;&#x643;&#x629; &#x633;&#x62A;&#x646;&#x631;&#x644;&#x627;&#x64A;&#x646;)</subfield>
  </datafield>
  <datafield tag="300" ind1=" " ind2=" ">
    <subfield code="a">1 &#x645;&#x62C;. :</subfield>
    <subfield code="b">&#x625;&#x64A;&#x636;. (&#x644;&#x648;.) &#x61B;</subfield>
    <subfield code="c">24 &#x633;&#x645;.</subfield>
  </datafield>
  <datafield tag="541" ind1=" " ind2=" ">
    <subfield code="a">&#x627;&#x644;&#x633;&#x641;&#x64A;&#x631; &#x639;&#x644;&#x64A; &#x627;&#x644;&#x62D;&#x641;&#x646;&#x64A; &#x61B;</subfield>
    <subfield code="c">&#x625;&#x647;&#x62F;&#x627;&#x621; &#x61B;</subfield>
  </datafield>
  <datafield tag="650" ind1=" " ind2="7">
    <subfield code="a">&#x627;&#x644;&#x641;&#x646;&#x648;&#x646; &#x627;&#x644;&#x62A;&#x634;&#x643;&#x64A;&#x644;&#x64A;&#x629;.</subfield>
    <subfield code="2">BUEsh</subfield>
    <subfield code="9">22009</subfield>
  </datafield>
  <datafield tag="650" ind1=" " ind2="7">
    <subfield code="a">&#x627;&#x644;&#x641;&#x646;&#x627;&#x646;&#x648;&#x646; &#x627;&#x644;&#x62A;&#x634;&#x643;&#x64A;&#x644;&#x64A;&#x648;&#x646;.</subfield>
    <subfield code="2">BUEsh</subfield>
  </datafield>
  <datafield tag="651" ind1=" " ind2=" ">
    <subfield code="2">BUEsh</subfield>
  </datafield>
  <datafield tag="653" ind1=" " ind2=" ">
    <subfield code="b">GGEN</subfield>
    <subfield code="c">April2018</subfield>
  </datafield>
  <datafield tag="942" ind1=" " ind2=" ">
    <subfield code="2">ddc</subfield>
  </datafield>
  <datafield tag="999" ind1=" " ind2=" ">
    <subfield code="c">26568</subfield>
    <subfield code="d">26540</subfield>
  </datafield>
  <datafield tag="952" ind1=" " ind2=" ">
    <subfield code="0">0</subfield>
    <subfield code="1">0</subfield>
    <subfield code="2">ddc</subfield>
    <subfield code="4">0</subfield>
    <subfield code="7">0</subfield>
    <subfield code="8">Donation-G</subfield>
    <subfield code="a">MAIN</subfield>
    <subfield code="b">MAIN</subfield>
    <subfield code="c">2ND</subfield>
    <subfield code="d">2018-04-23</subfield>
    <subfield code="e">Donation</subfield>
    <subfield code="o">730 &#x646; &#x648; &#x627;</subfield>
    <subfield code="p">000043335</subfield>
    <subfield code="r">2025-07-15 00:00:00</subfield>
    <subfield code="x">&#x625;&#x647;&#x62F;&#x627;&#x621; &#x645;&#x646; &#x627;&#x644;&#x633;&#x641;&#x64A;&#x631; &#x639;&#x644;&#x64A; &#x627;&#x644;&#x62D;&#x641;&#x646;&#x64A;</subfield>
    <subfield code="y">BB</subfield>
  </datafield>
</record>
